[Event "Daehne Cup Region 16/17 qual V+"]
[Site "Hannover"]
[Date "2017.07.20"]
[Round "4"]
[White "Piotrowski, Jan"]
[Black "Fenge, Hilmar"]
[Result "1-0"]
[WhiteElo "1172"]
[BlackElo "1034"]
[PlyCount "123"]
[EventDate "2017.07.13"]
[EventType "swiss"]
[EventRounds "5"]
[EventCountry "GER"]
[SourceTitle "EXT 2022"]
[Source "ChessBase"]
[SourceDate "2021.10.06"]
[SourceVersion "1"]
[SourceVersionDate "2021.10.06"]
[SourceQuality "1"]

1. e4 d5 2. exd5 Nf6 3. d4 Nxd5 4. c4 Nb4 5. Nf3 Bf5 6. Qa4+ N4c6 7. Na3 b5 8. Qd1 bxc4 9. Bxc4 e6 10. Bb5 a6 11. Bxc6+ Nxc6 12. 0-0 Qd7 13. Ne5 Nxe5 14. dxe5 Rd8 15. Bg5 Qxd1 16. Raxd1 Be7 17. Rxd8+ Bxd8 18. Bxd8 Kxd8 19. Rd1+ Ke7 20. Nc4 f6 21. f4 Bg6 22. Rd2 f5 23. Kf2 Be8 24. b4 Rg8 25. a3 g5 26. g3 gxf4 27. gxf4 Bb5 28. Ne3 Rd8 29. Rxd8 Kxd8 30. Nc2 Kd7 31. Ke3 Ba4 32. Nd4 Bc6 33. Kd3 Bb5+ 34. Kc3 h6 35. Kb3 h5 36. a4 Bc6 37. b5 axb5 38. axb5 Bd5+ 39. Kb4 Bb7 40. Kc5 h4 41. Nb3 Bd5 42. Na5 Bf3 43. b6 cxb6+ 44. Kxb6 Ke7 45. Nc6+ Kf7 46. Nd8+ Ke7 47. Kc7 Bd5 48. Nc6+ Bxc6 49. Kxc6 h3 50. Kc7 Ke8 51. Kd6 Kf7 52. Kd7 Kg6 53. Kxe6 Kg7 54. Kxf5 Kf7 55. Kg4 Ke6 56. Kxh3 Kf5 57. Kh4 Ke6 58. Kg5 Kd5 59. Kf6 Ke4 60. f5 Kd5 61. e6 Kd6 62. h4 1-0

[Event "Daehne Cup Region Hannover VII Rest"]
[Site "Hannover"]
[Date "2014.07.10"]
[Round "3"]
[White "Diskin, Semen"]
[Black "Fenge, Hilmar"]
[Result "1-0"]
[WhiteElo "1772"]
[BlackElo "900"]
[PlyCount "71"]
[EventDate "2014.07.??"]
[EventType "k.o."]
[EventCountry "GER"]
[SourceTitle "EXT 2022"]
[Source "ChessBase"]
[SourceDate "2021.10.06"]
[SourceVersion "1"]
[SourceVersionDate "2021.10.06"]
[SourceQuality "1"]

1. d4 d5 2. Nc3 Nc6 3. Bf4 Bf5 4. f3 a6 5. e4 Be6 6. e5 g6 7. Qd2 Bg7 8. Nge2 Nh6 9. Bxh6 Bxh6 10. Qxh6 Kd7 11. g3 Nb4 12. 0-0-0 Bf5 13. Bh3 Qf8 14. Qxf8 Rhxf8 15. Bxf5+ gxf5 16. a3 Nc6 17. Nxd5 Rad8 18. b4 e6 19. Nf6+ Ke7 20. Nxh7 Rh8 21. Nf6 b5 22. f4 a5 23. c3 Ra8 24. d5 Nd8 25. dxe6 Kxe6 26. Nd4+ Ke7 27. Nxf5+ Ke6 28. Nd4+ Ke7 29. Nxb5 c6 30. Rd7+ Kf8 31. Nc7 Rc8 32. Rhd1 Ne6 33. Nxe6+ fxe6 34. h4 axb4 35. Rb7 bxa3 36. Rdd7 1-0

[Event "Daehne Cup Region Hannover VII Rest"]
[Site "Hannover"]
[Date "2014.07.03"]
[Round "2"]
[White "Lick, Helmut"]
[Black "Fenge, Hilmar"]
[Result "1-0"]
[WhiteElo "1411"]
[BlackElo "900"]
[PlyCount "123"]
[EventDate "2014.07.??"]
[EventType "k.o."]
[EventCountry "GER"]
[SourceTitle "EXT 2022"]
[Source "ChessBase"]
[SourceDate "2021.10.06"]
[SourceVersion "1"]
[SourceVersionDate "2021.10.06"]
[SourceQuality "1"]

1. e4 e6 2. d4 d5 3. Nd2 Nc6 4. c3 Bd7 5. Bd3 Qe7 6. Ne2 e5 7. exd5 Nd8 8. 0-0 Nf6 9. dxe5 Qxe5 10. Nf3 Qxd5 11. Nf4 Qd6 12. Re1+ Ne6 13. Ng5 Be7 14. Ngxe6 Bxe6 15. Nxe6 fxe6 16. Qe2 0-0-0 17. Bc4 e5 18. Bg5 c6 19. Qxe5 Qxe5 20. Rxe5 Bd6 21. Bxf6 gxf6 22. Re6 f5 23. g3 b5 24. Bb3 c5 25. Bc2 f4 26. Bf5 Kc7 27. Rh6 Kb6 28. Rxh7 Rhe8 29. Kf1 f3 30. Re1 Rxe1+ 31. Kxe1 Re8+ 32. Kf1 Re2 33. Bg4 Rxb2 34. Bxf3 Rxa2 35. Rb7+ Ka6 36. Bc6 Rc2 37. Rxb5 Rxc3 38. Rb2 Be5 39. Ra2+ Kb6 40. Be8 c4 41. Ke2 a5 42. h4 Rb3 43. Bf7 Kc5 44. Rxa5+ Kb4 45. Rxe5 Rb2+ 46. Kf3 c3 47. Re4+ Ka3 48. Rc4 c2 49. Rxc2 Rxc2 50. h5 Rc1 51. Kg4 Rc5 52. f4 Kb4 53. f5 Rc6 54. Kg5 Kc5 55. Be6 Rb6 56. g4 Kd6 57. Kg6 Rb7 58. h6 Ke5 59. h7 Rb8 60. g5 Kf4 61. Bg8 Rb6+ 62. f6 1-0